監視伝染病 - Statistics

General Stats
  • This quiz has been taken 23 times
  • The average score is 14 of 99
Answer Stats
対象家畜 % Correct
鳥インフルエンザ 鶏、あひる、七面鳥、うずら
74%
狂犬病 牛、水牛、馬、鹿、羊、山羊、豚、猪
58%
結核 牛、水牛、鹿、山羊
37%
口蹄疫 牛、水牛、鹿、羊、山羊、豚、猪
32%
豚熱 豚、猪
32%
牛疫 牛、水牛、鹿、羊、山羊、豚、猪
26%
高病原性鳥インフルエンザ 鶏、あひる、七面鳥、うずら
26%
ニューカッスル病 鶏、あひる、七面鳥、うずら
26%
牛肺疫 牛、水牛、鹿
21%
流行性脳炎 牛、水牛、馬、鹿、羊、山羊、豚、猪
21%
水疱性口内炎 牛、水牛、馬、鹿、豚、猪
21%
リフトバレー熱 牛、水牛、鹿、羊、山羊
21%
炭疽 牛、水牛、馬、鹿、羊、山羊、豚、猪
21%
出血性敗血症 牛、水牛、鹿、羊、山羊、豚、猪
21%
ブルセラ症 牛、水牛、鹿、羊、山羊、豚、猪
21%
ヨーネ病 牛、水牛、鹿、羊、山羊
21%
ピロプラズマ症 牛、水牛、馬、鹿
21%
アナプラズマ症 牛、水牛、鹿
21%
伝達性海綿状脳症 牛、水牛、鹿、羊、山羊
21%
鼻疽
21%
馬伝染性貧血
21%
アフリカ馬疫
21%
アフリカ豚熱 豚、猪
21%
豚水疱病 豚、猪
21%
家きんコレラ 鶏、あひる、七面鳥、うずら
21%
家きんサルモネラ症 鶏、あひる、七面鳥、うずら
21%
腐蛆病 蜜蜂
21%
アカバネ病 牛、水牛、羊、山羊
21%
イバラキ病 牛、水牛
21%
野兎病 馬、羊、豚、猪、兎
21%
小反芻獣疫 鹿、羊、山羊
16%
低病原性鳥インフルエンザ 鶏、あひる、七面鳥、うずら
16%
ブルータング 牛、水牛、鹿、羊、山羊
16%
悪性カタル熱 牛、水牛、鹿、羊
16%
チュウザン病 牛、水牛、山羊
16%
牛ウイルス性下痢 牛、水牛
16%
牛伝染性鼻気管炎 牛、水牛
16%
アイノウイルス感染症 牛、水牛
16%
牛丘疹性口内炎 牛、水牛
16%
牛流行熱 牛、水牛
16%
サルモネラ症 牛、水牛、鹿、豚、猪、鶏、あひる、七面鳥、うずら
16%
ナイロビ羊病 羊、山羊
16%
牛伝染性リンパ腫 牛、水牛
11%
類鼻疽 牛、水牛、馬、鹿、羊、山羊、豚、猪
11%
破傷風 牛、水牛、馬、鹿
11%
レプトスピラ症 牛、水牛、鹿、豚、猪、犬
11%
牛カンピロバクター症 牛、水牛
11%
牛バエ幼虫症 牛、水牛
11%
ニパウイルス感染症 馬、豚、猪
11%
馬インフルエンザ
11%
馬ウイルス性動脈炎
11%
馬鼻肺炎
11%
ヘンドラウイルス感染症
11%
馬伝染性子宮炎
11%
伝染性膿疱性皮膚炎 鹿、羊、山羊
11%
羊痘
11%
マエディ・ビスナ
11%
伝染性無乳症 羊、山羊
11%
トキソプラズマ症 羊、山羊、豚、猪
11%
山羊痘 山羊
11%
伝染性胃腸炎 豚、猪
11%
豚繁殖・呼吸障害症候群 豚、猪
11%
豚水疱疹 豚、猪
11%
豚流行性下痢 豚、猪
11%
萎縮性鼻炎 豚、猪
11%
豚丹毒 豚、猪
11%
低病原性ニューカッスル病 鶏、あひる、七面鳥、うずら
11%
鶏伝染性喉頭気管炎
11%
伝染性ファブリキウス嚢病
11%
鶏白血病
11%
鳥結核 鶏、あひる、七面鳥、うずら
11%
あひるウイルス性肝炎 あひる
11%
兎出血病
11%
兎粘液腫
11%
バロア症 蜜蜂
11%
チョーク病 蜜蜂
11%
アカリンダニ症 蜜蜂
11%
ノゼマ症 蜜蜂
11%
気腫疽 牛、水牛、鹿、羊、山羊、豚、猪
5%
トリパノソーマ症 牛、水牛、馬
5%
トリコモナス症 牛、水牛
5%
ネオスポラ症 牛、水牛
5%
馬痘
5%
馬パラチフス
5%
仮性皮疽
5%
流行性羊流産
5%
疥癬
5%
山羊関節炎・脳炎 山羊
5%
山羊伝染性胸膜肺炎 山羊
5%
オーエスキー病 豚、猪
5%
豚テシオウイルス性脳脊髄炎 豚、猪
5%
豚赤痢 豚、猪
5%
鶏痘 鶏、うずら
5%
マレック病 鶏、うずら
5%
鶏伝染性気管支炎
5%
ロイコチトゾーン症
5%
あひるウイルス性腸炎 あひる
5%
ランピースキン病 牛、水牛
0%
鳥マイコプラズマ症 鶏、七面鳥
0%
No matching quizzes found
Score Distribution
Percent of People with Each Score
Percentile by Number Answered
Your Score History
You have not taken this quiz